000 00182 a2200097 4500
020 _a9781935955399
041 _aeng
100 _aCynthia Weill
245 _aCount Me In
942 _cBK
999 _c13465
_d13465